Teatro español, 1950-1951 / (Record no. 153885)

MARC details
000 -LEADER
campo de control de longitud fija 01312nam a2200289 i 4500
001 - NÚMERO DE CONTROL
campo de control 153885
003 - IDENTIFICADOR DE NÚMERO DE CONTROL
campo de control ES-MaACL
005 - FECHA Y HORA DE LA ÚLTIMA TRANSACCIÓN
campo de control 20231229062551.0
008 - DATOS DE LONGITUD FIJA--INFORMACIÓN GENERAL
campo de control de longitud fija 190123s1952 sp |||| | spa d
080 ## - NÚMERO DE LA CLASIFICACIÓN DECIMAL UNIVERSAL
Número de la Clasificación Decimal Universal 821.134.2-2"19"(082.2)
245 00 - MENCIÓN DEL TÍTULO
Título Teatro español, 1950-1951 /
Mención de responsabilidad, etc. prólogo, notas y apéndice por Federico Carlos Sainz de Robles.
260 ## - PUBLICACIÓN, DISTRIBUCIÓN, ETC.
Lugar de publicación, distribución, etc. Madrid :
Nombre del editor, distribuidor, etc. Aguilar,
Fecha de publicación, distribución, etc. 1952.
300 ## - DESCRIPCIÓN FÍSICA
Extensión 477 p., [12] p. de lám. ;
Dimensiones 20 cm.
490 1# - MENCIÓN DE SERIE
Mención de serie Colección literaria
505 8# - NOTA DE CONTENIDO CON FORMATO
Nota de contenido con formato Contiene: ¡Yo tengo veinte años! / Felipe Sassone. En la ardiente oscuridad / Antonio Buero Vallejo. El gran minué / Víctor Ruiz Iriarte. La sombra pasa / Luis Fernández Ardavín. Veinte y cuarenta / José López-Rubio. Criminal de guerra / Joaquín Calvo-Sotelo
650 #4 - PUNTO DE ACCESO ADICIONAL DE MATERIA--TÉRMINO DE MATERIA
Término de materia o nombre geográfico como elemento de entrada Teatro español-
Subdivisión cronológica S.XX.
9 (RLIN) 17356
700 1# - ENTRADA AGREGADA--NOMBRE PERSONAL
Nombre de persona Sainz de Robles, Federico Carlos,
Fechas asociadas al nombre 1898-1982
9 (RLIN) 101593
700 0# - ENTRADA AGREGADA--NOMBRE PERSONAL
Nombre de persona Sassone, Felipe.
9 (RLIN) 103913
700 1# - ENTRADA AGREGADA--NOMBRE PERSONAL
Nombre de persona Buero Vallejo, Antonio,
Fechas asociadas al nombre 1916-2000
9 (RLIN) 32421
700 1# - ENTRADA AGREGADA--NOMBRE PERSONAL
Nombre de persona Ruiz Iriarte, Víctor,
Fechas asociadas al nombre 1912-1982
9 (RLIN) 100836
700 1# - ENTRADA AGREGADA--NOMBRE PERSONAL
Nombre de persona Fernández Ardavín, Luis,
Fechas asociadas al nombre 1891-1962
9 (RLIN) 49469
700 1# - ENTRADA AGREGADA--NOMBRE PERSONAL
Nombre de persona López Rubio, José,
Fechas asociadas al nombre 1903-1996
9 (RLIN) 73939
700 1# - ENTRADA AGREGADA--NOMBRE PERSONAL
Nombre de persona Calvo-Sotelo, Joaquín,
Fechas asociadas al nombre 1905-1993
9 (RLIN) 33913
830 0# - PUNTO DE ACCESO ADICIONAL DE SERIE-TÍTULO UNIFORME
Título uniforme Colección literaria
9 (RLIN) 179831
852 ## - LOCALIZACIÓN
Ubicación ES-MaACL
Número de control de estantería P-354
Holdings
Estatus retirado Estado de pérdida Estado de daño No para préstamo Biblioteca de origen Biblioteca actual Ubicación en estantería Fecha de adquisición Fuente de adquisición Total de préstamos Signatura topográfica completa Código de barras Visto por última vez Precio de reemplazo Tipo de ítem Koha
        Biblioteca del Ateneo de Madrid Biblioteca del Ateneo de Madrid Depósito 2 23/01/2019     P354 1199691 23/02/2023 23/02/2023 Libro impreso